000 00225nam a22000977a 4500
003 SGT
245 _aJOURNAL OF PROGRESS IN COMPUTING APPLICATION
260 _bTAYLOR & FRANCIS PUBLISHER
_c2019
300 _a200
942 _2ddc
_cBV
999 _c29063
_d29063